Textbook of international health / (Record no. 4901)

000 -LEADER
fixed length control field 01236pam a2200325 a 4500
001 - CONTROL NUMBER
control field 4343123
003 - CONTROL NUMBER IDENTIFIER
control field OSt
005 - DATE AND TIME OF LATEST TRANSACTION
control field 20220330113008.0
008 - FIXED-LENGTH DATA ELEMENTS--GENERAL INFORMATION
fixed length control field 890302s1990 nyua b 001 0 eng c
010 ## - LIBRARY OF CONGRESS CONTROL NUMBER
LC control number 89003223
020 ## - INTERNATIONAL STANDARD BOOK NUMBER
International Standard Book Number 0195048970 (alk. paper)
040 ## - CATALOGING SOURCE
Original cataloging agency DNLM/DLC
Transcribing agency DLC
Modifying agency DLC
050 00 - LIBRARY OF CONGRESS CALL NUMBER
Classification number RA441
Item number .B37 1990
060 ## - NATIONAL LIBRARY OF MEDICINE CALL NUMBER
Classification number WA 540.1 B298i
082 00 - DEWEY DECIMAL CLASSIFICATION NUMBER
Classification number 362.1
Edition number 19
100 1# - MAIN ENTRY--PERSONAL NAME
Personal name Basch, Paul F.
Fuller form of name (Paul Frederick),
Dates associated with a name 1933-2001.
245 10 - TITLE STATEMENT
Title Textbook of international health /
Statement of responsibility, etc. Paul F. Basch.
260 ## - PUBLICATION, DISTRIBUTION, ETC.
Place of publication, distribution, etc. New York :
Name of publisher, distributor, etc. Oxford University Press,
Date of publication, distribution, etc. c1990.
300 ## - PHYSICAL DESCRIPTION
Extent xvii, 423 p. :
Other physical details ill. ;
Dimensions 25 cm.
500 ## - GENERAL NOTE
General note Rev. ed. of: International health. 1978.
504 ## - BIBLIOGRAPHY, ETC. NOTE
Bibliography, etc. note Includes bibliographies and index.
650 #0 - SUBJECT ADDED ENTRY--TOPICAL TERM
Topical term or geographic name entry element World health.
650 #2 - SUBJECT ADDED ENTRY--TOPICAL TERM
Topical term or geographic name entry element World Health.
700 1# - ADDED ENTRY--PERSONAL NAME
Personal name Basch, Paul F.,
Dates associated with a name 1933-
Title of a work International health.
856 42 - ELECTRONIC LOCATION AND ACCESS
Materials specified Publisher description
Uniform Resource Identifier <a href="http://www.loc.gov/catdir/enhancements/fy0639/89003223-d.html">http://www.loc.gov/catdir/enhancements/fy0639/89003223-d.html</a>
856 41 - ELECTRONIC LOCATION AND ACCESS
Materials specified Table of contents only
Uniform Resource Identifier <a href="http://www.loc.gov/catdir/enhancements/fy0639/89003223-t.html">http://www.loc.gov/catdir/enhancements/fy0639/89003223-t.html</a>
856 42 - ELECTRONIC LOCATION AND ACCESS
Materials specified Contributor biographical information
Uniform Resource Identifier <a href="http://www.loc.gov/catdir/enhancements/fy0725/89003223-b.html">http://www.loc.gov/catdir/enhancements/fy0725/89003223-b.html</a>
906 ## - LOCAL DATA ELEMENT F, LDF (RLIN)
a 7
b cbc
c orignew
d 1
e ocip
f 19
g y-gencatlg
942 ## - ADDED ENTRY ELEMENTS (KOHA)
Source of classification or shelving scheme
Koha item type Book
Suppress in OPAC CM
Holdings
Withdrawn status Lost status Source of classification or shelving scheme Damaged status Not for loan Permanent Location Current Location Shelving location Date acquired Source of acquisition Total Checkouts Full call number Barcode Date last seen Price effective from Koha item type Public note
          AU LIBRARY AU LIBRARY Open Shelf 30.03.2022 DONATION FROM MOI UNIVERSITY   RA441 .B37 1990 28007283 30.03.2022 30.03.2022 Book CM

Powered by Koha